Reviews in modern astronomy (Record no. 10618)

MARC details
000 -LEADER
fixed length control field 00726nam a2200229Ia 4500
003 - CONTROL NUMBER IDENTIFIER
control field IN-BaIIA
008 - FIXED-LENGTH DATA ELEMENTS--GENERAL INFORMATION
fixed length control field 211028s9999 xx 000 0 eng d
020 ## - INTERNATIONAL STANDARD BOOK NUMBER
International Standard Book Number 3-540-55523-4
040 ## - CATALOGING SOURCE
Transcribing agency IIA Library
080 ## - UNIVERSAL DECIMAL CLASSIFICATION NUMBER
Universal Decimal Classification number 52(048.1)
Item number REV-5
245 #0 - TITLE STATEMENT
Title Reviews in modern astronomy
Remainder of title 5, variabilities in stars and galaxies
Statement of responsibility, etc. edited by Gerhard Klare
260 ## - PUBLICATION, DISTRIBUTION, ETC.
Place of publication, distribution, etc. Berlin
Name of publisher, distributor, etc. Springer-Verlag
Date of publication, distribution, etc. 1992
300 ## - PHYSICAL DESCRIPTION
Extent 270p.
490 ## - SERIES STATEMENT
Series statement Reviews in Modrern Astronomy; v. 5
500 ## - GENERAL NOTE
General note 122 figures
650 ## - SUBJECT ADDED ENTRY--TOPICAL TERM
Topical term or geographic name entry element Astronomy
9 (RLIN) 80
650 ## - SUBJECT ADDED ENTRY--TOPICAL TERM
Topical term or geographic name entry element Astronomy and astrophysics thesaurus
650 ## - SUBJECT ADDED ENTRY--TOPICAL TERM
Topical term or geographic name entry element Galaxies
9 (RLIN) 1286
650 ## - SUBJECT ADDED ENTRY--TOPICAL TERM
Topical term or geographic name entry element Variable stars
9 (RLIN) 1140
700 ## - ADDED ENTRY--PERSONAL NAME
Personal name Klare, Gerhard ed.
9 (RLIN) 16466
942 ## - ADDED ENTRY ELEMENTS (KOHA)
Koha item type Books
Holdings
Withdrawn status Lost status Damaged status Not for loan Home library Current library Shelving location Date acquired Cost, normal purchase price Total Checkouts Full call number Barcode Date last seen Cost, replacement price Price effective from Koha item type Purchase Price
        IIA Library-Bangalore IIA Library-Bangalore General Stacks 10/03/1993 1968.00   52(048.1)/ REV-5 11529 05/11/2021 1968.00 10/03/1993 Books Rs. 1968.00

Powered by Koha